Women of The View Quiz Stats

 Plays Quiz Updated Feb 24, 2020

Support Sporcle.
Go Orange.
Score 0/23 Timer 05:00
1 Play Today
Years on 'The View' Name % Correct
1997–2015Barbara Walters
91.7%
2007–presentWhoopi Goldberg
90.6%
1997–2013, 2015–presentJoy Behar
71.5%
2006–2007, 2014–2015Rosie O'Donnell
69.2%
2003–2013Elisabeth Hasselbeck
68.3%
2017–2021Meghan McCain
61%
1997–2006Star Jones
60.1%
2015–2016Raven-Symoné
40.3%
2013–2014Jenny McCarthy
38%
2007–2014Sherri Shepherd
36.7%
1999–2002Lisa Ling
36%
2014–2015Rosie Perez
35.1%
Years on 'The View' Name % Correct
2018–2020Abby Huntsman
33.5%
2015–2016Candace Cameron Bure
33.3%
1997–2006Meredith Vieira
33.1%
2016–presentSunny Hostin
32.7%
2016–2018, 2020–presentSara Haines
29.6%
2014–2015Nicolle Wallace
25.6%
2018–presentAna Navarro
25.5%
2015–2018Paula Faris
24.3%
2016–2017Jedediah Bila
23.2%
2015–2016Michelle Collins
23.1%
1997–1999Debbie Matenopoulos
15%

From the Vault

George Orwell Books

by Derek

Something tells me there will be quite a drop off after people guess his last two books.
Remove Ads.
Support Sporcle.
Get the best of Sporcle when you Go Orange. This ad-free experience offers more features, more stats, and more fun while also helping to support Sporcle. Thank you for becoming a member.

Show Comments

Extras

Top Quizzes Today


Score Distribution

Your Account Isn't Verified!

In order to create a playlist on Sporcle, you need to verify the email address you used during registration. Go to your Sporcle Settings to finish the process.

Report this User

Report this user for behavior that violates our Community Guidelines.

Details: